Movies Quiz

Random Movies or Disney Quiz

Disney Villain Songs Quiz Stats

 Plays Quiz not verified by Sporcle

Score 0/16 Timer 08:00
0 Plays Today
Movie Song % Correct
Beauty and the BeastGaston
88%
The Little MermaidPoor Unfortunate Souls
86.2%
The Lion KingBe Prepared
85.8%
One Hundred and One DalmatiansCruella Devil
81.7%
The Hunchback of Notre DameHellfire
70.5%
PocahontasMine Mine Mine
67.7%
The Princess and the FrogFriends on the Other Side
64.8%
The Jungle BookTrust in Me
61.8%
Movie Song % Correct
Lady and the TrampThe Siamese Cat Song
53.5%
AladdinPrince Ali Reprise
48.2%
The Great Mouse DetectiveThe World's Greatest Criminal Mind
42.3%
Peter PanThe Elegant Captain Hook
35.8%
The Sword in the StoneMad Madame Mim
34.4%
FantasiaNight on Bald Mountain
34.1%
PinocchioHi Diddle Dee Dee
29.1%
Home on the RangeYodel Adle Eedle Idle Oo
13.4%

You're not logged in!

Compare scores with friends on all Sporcle quizzes.
OR
Log In

Show Comments

Extras

Created Nov 23, 2010ReportNominate
Tags:Disney Quiz, Song Quiz, villains

Top Quizzes Today


Score Distribution

Your Account Isn't Verified!

In order to create a playlist on Sporcle, you need to verify the email address you used during registration. Go to your Sporcle Settings to finish the process.

Report this User

Report this user for behavior that violates our Community Guidelines.

Details: